El jorobadito /
Guardado en:
| Autor Principal: | |
|---|---|
| Formato: | Libro |
| Publicado: |
Argentina :
La Plata : Altamira,
1995
|
| Edición: | 1a. ed. |
| Materias: | |
| Etiquetas: |
Agregar Etiqueta
Sin Etiquetas, Sea el primero en etiquetar este registro!
|
| LEADER | 00574nam a22002055a 4500 | ||
|---|---|---|---|
| 001 | CEM.cems012136 | ||
| 005 | 20101123104322.0 | ||
| 008 | 130507s1995##################000#0#####d | ||
| 003 | CEMS | ||
| 082 | 0 | 4 | |a A868.4 |
| 100 | 1 | |a Arlt, Roberto | |
| 245 | 1 | 0 | |a El jorobadito / |c Roberto Arlt |
| 250 | |a 1a. ed. | ||
| 260 | |a Argentina : |b La Plata : |b Altamira, |c 1995 | ||
| 300 | |a 191 p. | ||
| 653 | |a Literatura | ||
| 653 | |a Literatura argentina-siglo 20 | ||
| 653 | |a Cuentos | ||
| 653 | |a Cuentos argentinos-siglo 20 | ||
| 859 | |a CEMS |b BIB. CEMS - 11 de abril |h A868.4 |i AR75-2 |p 23371.06 |t Ej.1 | ||
